Team Fortress 2 Klassen - Statistiken

Allgemein
  • Dieses Quiz wurde 66 mal gespielt
  • Das Durchschnittsergebnis liegt bei 8 aus 9
Antwortstatistiken
Antwort % Korrekt
Heavy
100%
Medic
96%
Scout
96%
Sniper
96%
Spy
92%
Pyro
88%
Soldier
88%
Demoman
73%
Engineer
73%
Keine übereinstimmenden Quizze gefunden
Verteilung der Resultate
Anzahl Personen mit jedem Resultat
Perzentil nach korrekt beantworteten Fragen
Ihre Resultats-Entwicklung
Sie haben dieses Quiz noch nicht gespielt